000 00493nam a2200193 a 4500
001 1770730792163
003 YourLibrary
005 20260210191220.0
008 260210s2007##################000#0#eng##
020 _a9780745634050
082 0 4 _a306.6
_bALD
100 1 _aAldridge, Alan,
_eauthor.
245 1 0 _aReligion in the Contemporary World :
260 _bPolity,
_c2007.
300 _a257 pages
650 0 _aReligion.
942 _cENGLISH
040 _aYourLibrary
_beng
_cYourLibrary
999 _c611525
_d611525